Metrics and Models in Software Quality Engineering (Record no. 4326)
[ view plain ]
| 000 -LEADER | |
|---|---|
| fixed length control field | 00506 a2200169 4500 |
| 022 ## - INTERNATIONAL STANDARD SERIAL NUMBER | |
| International Standard Serial Number | 813170324X |
| 040 ## - CATALOGING SOURCE | |
| Original cataloging agency | DLC |
| Language of cataloging | DLC |
| 082 ## - DEWEY DECIMAL CLASSIFICATION NUMBER | |
| Classification number | 005.10685 |
| 100 ## - MAIN ENTRY--PERSONAL NAME | |
| Personal name | Kan, Stephen H. |
| 245 ## - TITLE STATEMENT | |
| Title | Metrics and Models in Software Quality Engineering |
| Statement of responsibility, etc. | Stephen H. Kan |
| 250 ## - EDITION STATEMENT | |
| Edition statement | 2nd |
| 260 ## - PUBLICATION, DISTRIBUTION, ETC. | |
| Place of publication, distribution, etc. | India |
| Name of publisher, distributor, etc. | Pearson Education |
| Date of publication, distribution, etc. | 2007 |
| 300 ## - PHYSICAL DESCRIPTION | |
| Extent | xxvii, 528 |
| Other physical details | ill. |
| Dimensions | 24 cm. |
| 500 ## - GENERAL NOTE | |
| General note | Includes bibliographical references and index |
| 650 ## - SUBJECT ADDED ENTRY--TOPICAL TERM | |
| Topical term or geographic name entry element | Computer software --Quality control. |
| 942 ## - ADDED ENTRY ELEMENTS (KOHA) | |
| Koha item type | Book |
| Call number prefix | 005.10685 KAN |
| Source of classification or shelving scheme | |
| Withdrawn status | Lost status | Damaged status | Not for loan | Collection code | Permanent Location | Current Location | Shelving location | Date acquired | Source of acquisition | Cost, normal purchase price | Total Checkouts | Full call number | Barcode | Date last seen | Price effective from | Koha item type | Source of classification or shelving scheme | Date last checked out |
|---|---|---|---|---|---|---|---|---|---|---|---|---|---|---|---|---|---|---|
| Central Library (CL) | Central Library (CL) | First Floor - Software Engineering/ Programming Language | 05/19/2009 | Star Books | 330.00 | 005.10685 KAN | SEECS009420 | 11/14/2012 | 01/05/2017 | Book | ||||||||
| Central Library (CL) | Central Library (CL) | First Floor - Software Engineering/ Programming Language | 05/19/2009 | Star Books | 330.00 | 005.10685 KAN | SEECS009421 | 11/14/2012 | 01/05/2017 | Book | ||||||||
| Central Library (CL) | Central Library (CL) | First Floor - Software Engineering/ Programming Language | 05/19/2009 | Star Books | 330.00 | 1 | 005.10685 KAN | SEECS009419 | 11/09/2016 | 01/05/2017 | Book | 10/14/2016 | ||||||
| Central Library (CL) | Central Library (CL) | First Floor - Software Engineering/ Programming Language | 12/19/2003 | Allied Book Company | 307.80 | 1 | 005.10685 KAN | SEECS004056 | 06/08/2014 | 01/05/2017 | Book | 01/20/2014 | ||||||
| Central Library (CL) | Central Library (CL) | First Floor - Software Engineering/ Programming Language | 04/07/2014 | 3 | 005.10685 KAN | SEECSD00572 | 06/26/2024 | 01/05/2017 | Book | 09/10/2021 | ||||||||
| NUST Baluchistan Campus (NBC) | NUST Baluchistan Campus (NBC) | Book Cart | 05/19/2009 | Star Books | 330.00 | 005.10685 KAN | SEECS009422 | 11/14/2012 | 01/05/2017 | Book |
